| 000 | 00793nam a22001935i 4500 | ||
|---|---|---|---|
| 001 | 160107 | ||
| 003 | ES-MaACL | ||
| 005 | 20251109133346.0 | ||
| 008 | 040920s1891 xxu |||| | eng d | ||
| 040 |
_aCAM _bspa _cCAM |
||
| 100 | 1 |
_aMontt, Pedro. _9130120 |
|
| 245 | 1 | 0 |
_aExposition of the illegal acts of ex-president Balmaceda which causes the civil war in Chile / _cby Pedro Montt. |
| 260 |
_aWashington : _bGibson Bros., printed and bookbinders, _c1891. |
||
| 300 |
_a40 p. ; _c23 cm. |
||
| 600 | 1 | 7 |
_aBalmaceda, José Manuel, _cPresidente de Chile- _y1886-1891 _2 _9125790 |
| 651 | 4 |
_aChile- _xPolítica y gobierno- _y1886-1891- _vFuentes. _9223278 |
|
| 852 |
_aES-MaACL _jT-549-F-5 _z-- Enc. hol., conservando la cub. original _z-- Enc. en un vol. facticio |
||
| 999 |
_c160107 _d160107 |
||